[Event "Udaipur Lakecity op 3rd"]
[Site "Udaipur"]
[Date "2019.03.30"]
[Round "6"]
[White "Chudasama, Ankit"]
[Black "Bhagyashree, Patil"]
[Result "1-0"]
[WhiteElo "1853"]
[BlackElo "1609"]
[PlyCount "77"]
[EventDate "2019.03.28"]
[EventType "swiss"]
[EventRounds "8"]
[EventCountry "IND"]
[SourceTitle "CBM 189 Extra"]
[Source "ChessBase"]
[SourceDate "2019.06.03"]
[SourceVersion "1"]
[SourceVersionDate "2019.06.03"]
[SourceQuality "1"]

1. e4 e5 2. Nf3 Nc6 3. d4 exd4 4. Nxd4 Qf6 5. Nxc6 Bc5 6. Qf3 dxc6 7. Nc3 Qxf3 8. gxf3 Ne7 9. Be3 Bd6 10. f4 f6 11. Rg1 g6 12. Bc4 b5 13. Bb3 a6 14. a4 b4 15. Ne2 c5 16. f3 Nc6 17. h4 Na5 18. Bd5 Bb7 19. 0-0-0 Rd8 20. h5 Bxd5 21. Rxd5 c6 22. Rxd6 Rxd6 23. Bxc5 Rd7 24. Bxb4 Nc4 25. b3 Nb6 26. hxg6 hxg6 27. Rxg6 Kf7 28. Rxf6+ Kxf6 29. Bc3+ Kf7 30. Bxh8 Rd8 31. Bc3 Nc8 32. f5 Ne7 33. f4 Rg8 34. f6 Rg2 35. Kd2 Ng8 36. e5 Nh6 37. Kd3 c5 38. Bd2 Ke6 39. f5+ 1-0